Hilltops clear / (Record no. 2949)
[ view plain ]
| 000 -LEADER | |
|---|---|
| fixed length control field | 00697cam a22002291a 4500 |
| 001 - CONTROL NUMBER | |
| control field | 9225900 |
| 003 - CONTROL NUMBER IDENTIFIER | |
| control field | GBCCL |
| 005 - DATE AND TIME OF LATEST TRANSACTION | |
| control field | 20241126110443.0 |
| 008 - FIXED-LENGTH DATA ELEMENTS--GENERAL INFORMATION | |
| fixed length control field | 750828s1933 pau 000 1 eng |
| 010 ## - | |
| -- | 33020280 |
| 035 ## - SYSTEM CONTROL NUMBER | |
| System control number | (OCoLC)1577194 |
| 040 ## - CATALOGING SOURCE | |
| Original cataloging agency | DLC |
| Transcribing agency | FM |
| Modifying agency | OCoLC |
| -- | OU |
| -- | DLC |
| 050 00 - | |
| -- | PZ3.L8938 |
| -- | Hi |
| -- | PS3523.O645 |
| 082 ## - DEWEY DECIMAL CLASSIFICATION NUMBER | |
| Classification number | 813.54 |
| Item number | LOR |
| 100 1# - MAIN ENTRY--PERSONAL NAME | |
| Personal name | Loring, Emilie Baker. |
| 9 (RLIN) | 5665 |
| 245 10 - TITLE STATEMENT | |
| Title | Hilltops clear / |
| Statement of responsibility, etc. | Emilie Loring. |
| 260 ## - PUBLICATION, DISTRIBUTION, ETC. | |
| Place of publication, distribution, etc. | Philadelphia : |
| Name of publisher, distributor, etc. | The Penn Publishing Company, |
| Date of publication, distribution, etc. | 1975, c1933. |
| 300 ## - PHYSICAL DESCRIPTION | |
| Extent | 247 p. ; |
| Dimensions | 20 cm |
| 500 ## - GENERAL NOTE | |
| General note | "First printing June 1933; second printing July, 1933." |
| 906 ## - LOCAL DATA ELEMENT F, LDF (RLIN) | |
| a | 7 |
| b | cbc |
| c | oclcrpl |
| d | u |
| e | ncip |
| f | 19 |
| g | y-gencatlg |
| 942 ## - ADDED ENTRY ELEMENTS (KOHA) | |
| Source of classification or shelving scheme | Dewey Decimal Classification |
| Koha item type | Books |
| Withdrawn status | Lost status | Source of classification or shelving scheme | Damaged status | Not for loan | Home library | Current Library | Shelving location | Date acquired | Total checkouts | Full call number | Barcode | Date last seen | Copy number | Price effective from | Koha item type |
|---|---|---|---|---|---|---|---|---|---|---|---|---|---|---|---|
| Dewey Decimal Classification | GRACE BIBLE COLLEGE | GRACE BIBLE COLLEGE | General Studies | 2017-10-10 | 813.54 LOR | 009135 | 2025-05-01 | c.1 | 2017-10-10 | Books |